000 00636nam a2200205 i 4500
001 28377
003 ES-MaACL
005 20230906153838.0
007 t|
008 030117s1875 gw be |||| | eng d
080 _a913(435.9)(036)
080 _a913(492)(036)
100 1 _aBaedeker, Karl.
_924575
245 1 0 _aBelgium and Holland
_b: handbook for travellers /
_cby Karl Baedeker.
260 _aLeipzig :
_bKarl Baedeker,
_c1875.
300 _aLVIII, 270 p. :
_b6 mapas, 15 planos ;
_c16 cm.
651 4 _aBélgica-
_vGuías turísticas.
_9159913
651 4 _aHolanda-
_vGuías turísticas.
_9148537
852 _aES-MaACL
_jG-13715
999 _c28377
_d28377